Social'no-ekonomičeskaja rol' torgovli i zakonomernosti povyšenija jeje effektivnosti
Enregistré dans:
| Format: | Livre |
|---|---|
| Langue: | russe |
| Publié: |
Kijev
Vyšča škola
1986
|
| Édition: | 1. izd. |
| Tags: |
Pas de tags, Soyez le premier à ajouter un tag!
|
MARC
| LEADER | 00000nam a2200000 4500 | ||
|---|---|---|---|
| 001 | c028218 | ||
| 005 | 20250520092944.1 | ||
| 041 | 0 | |a rus | |
| 044 | |a UA | ||
| 245 | 1 | 0 | |a Social'no-ekonomičeskaja rol' torgovli i zakonomernosti povyšenija jeje effektivnosti |c Red. G.K. Gubernoj |
| 250 | |a 1. izd. | ||
| 264 | 1 | |a Kijev |b Vyšča škola |c 1986 | |
| 300 | |a 191 s. | ||